<?xml version="1.0" encoding="UTF-8"?>
<record
    xmlns:xsi="http://www.w3.org/2001/XMLSchema-instance"
    xsi:schemaLocation="http://www.loc.gov/MARC21/slim http://www.loc.gov/standards/marcxml/schema/MARC21slim.xsd"
    xmlns="http://www.loc.gov/MARC21/slim">

  <leader>00187nam a2200085   4500</leader>
  <controlfield tag="001">1256437</controlfield>
  <controlfield tag="005">20251229140648.0</controlfield>
  <datafield tag="245" ind1=" " ind2=" ">
    <subfield code="a">SICAK EKMEK</subfield>
    <subfield code="c">G&#xDC;LTEN DAYIO&#x11E;LU</subfield>
  </datafield>
  <datafield tag="260" ind1=" " ind2=" ">
    <subfield code="b">ALTIN YAYINLARI</subfield>
  </datafield>
  <datafield tag="999" ind1=" " ind2=" ">
    <subfield code="c">1256437</subfield>
    <subfield code="d">1256437</subfield>
  </datafield>
  <datafield tag="952" ind1=" " ind2=" ">
    <subfield code="0">0</subfield>
    <subfield code="1">0</subfield>
    <subfield code="2">ddc</subfield>
    <subfield code="4">0</subfield>
    <subfield code="7">0</subfield>
    <subfield code="a">1057</subfield>
    <subfield code="b">1057</subfield>
    <subfield code="d">2025-12-29</subfield>
    <subfield code="l">0</subfield>
    <subfield code="o">O1</subfield>
    <subfield code="p">10571696</subfield>
    <subfield code="r">2025-12-29 14:07:03</subfield>
    <subfield code="w">2025-12-29</subfield>
    <subfield code="y">BK</subfield>
  </datafield>
</record>
